000
00328nam a2200145Ia 4500
100
_a
None
942
_c
BK
654
_a
electronics
245
_a
Data Formatting & Carrier Mod Transmitter trainer- ST 2106 OM
260
_b
none
_a
Indore
082
_a
621.381536
_b
SCI
300
_a
50
546
_a
ENGLISH
999
_c
31338
_d
31338